| 000 | 01307nam a2200301 c 4500 | ||
|---|---|---|---|
| 003 | BLK | ||
| 005 | 20230928111201.0 | ||
| 008 | 180408b bul|||||r ||||||| ||bul|| | ||
| 010 | _aKNG00093146000 | ||
| 040 | _aBLK | ||
| 041 |
_aBUL _cBUL |
||
| 080 |
_aАнглийска литература _b821.111 _x-1 _z821.111-1 |
||
| 100 | 1 |
_aБайрон, Джордж Гордън Ноуъл _eпърви автор _9367011 |
|
| 700 | 1 |
_aСтатков, Димитър _eпрев. в стихове _9373262 |
|
| 700 | 1 |
_aАнгелушев, Борис Димитров _eил. _9365105 |
|
| 139 |
_aБайрон, Джордж Гордън Ноуъл _bБ 15 |
||
| 245 | 1 | 0 |
_aСтранствуванията на Чайлд Харолд _bПоема _cДжордж Гордън Ноуъл Байрон; прев. в стихове Димитър Статков; ил. Борис Димитров Ангелушев. |
| 257 | _aGBR | ||
| 260 |
_аСофия _bНар. култура _c1958 _fСофия : Д. Благоев |
||
| 300 |
_a280 с.; ил. _c37 см |
||
| 380 | _aX | ||
| 852 | _aЦб ІІ 85 | ||
| 856 | 4 |
_qpdf _u |
|
| 856 | 4 |
_qpdf _u |
|
| 942 |
_cKNG _n0 _04 |
||
| 944 |
_aCR _c03.04.2012 _k30576 _lЦветомила Тодорова |
||
| 944 |
_aED _c28.02.2018 _kТеодора_Стоянова |
||
| 999 |
_c88478 _d88478 |
||